<?xml version="1.0" encoding="UTF-8"?>
<record
    xmlns:xsi="http://www.w3.org/2001/XMLSchema-instance"
    xsi:schemaLocation="http://www.loc.gov/MARC21/slim http://www.loc.gov/standards/marcxml/schema/MARC21slim.xsd"
    xmlns="http://www.loc.gov/MARC21/slim">

  <leader>00717nam a2200241 a 4500</leader>
  <controlfield tag="001">650</controlfield>
  <controlfield tag="003">BR-CuiBMT</controlfield>
  <controlfield tag="005">20231112023137.0</controlfield>
  <controlfield tag="008">231111s1999    spba     d    000 0 por d</controlfield>
  <datafield tag="020" ind1=" " ind2=" ">
    <subfield code="a">8508040733</subfield>
  </datafield>
  <datafield tag="040" ind1=" " ind2=" ">
    <subfield code="a">BR-CuiBMT</subfield>
    <subfield code="c">BR-CuiBMT</subfield>
  </datafield>
  <datafield tag="080" ind1=" " ind2=" ">
    <subfield code="2">2007</subfield>
    <subfield code="a">81'36</subfield>
    <subfield code="x">(038)</subfield>
  </datafield>
  <datafield tag="090" ind1=" " ind2=" ">
    <subfield code="d">R</subfield>
    <subfield code="a">81'36(038)</subfield>
    <subfield code="b">L949d</subfield>
    <subfield code="c">4. ed.</subfield>
  </datafield>
  <datafield tag="100" ind1="1" ind2=" ">
    <subfield code="a">Luft, Celso Pedro </subfield>
  </datafield>
  <datafield tag="245" ind1="1" ind2="0">
    <subfield code="a">Dicion&#xE1;rio pr&#xE1;tico de reg&#xEA;ncia nominal / </subfield>
    <subfield code="c">Celso Pedro Luft.  </subfield>
  </datafield>
  <datafield tag="250" ind1=" " ind2=" ">
    <subfield code="a">4. ed.</subfield>
  </datafield>
  <datafield tag="260" ind1=" " ind2=" ">
    <subfield code="a">S&#xE3;o Paulo :</subfield>
    <subfield code="b">&#xC1;tica,</subfield>
    <subfield code="c">1999.</subfield>
  </datafield>
  <datafield tag="300" ind1=" " ind2=" ">
    <subfield code="a">550 p. :</subfield>
    <subfield code="b">il. ;</subfield>
    <subfield code="c">22 cm</subfield>
  </datafield>
  <datafield tag="504" ind1=" " ind2=" ">
    <subfield code="a">Inclui bibliografia.</subfield>
  </datafield>
  <datafield tag="590" ind1=" " ind2=" ">
    <subfield code="8">A biblioteca possui 2. reimpr. 2002.</subfield>
  </datafield>
  <datafield tag="650" ind1=" " ind2=" ">
    <subfield code="a">L&#xED;ngua portuguesa </subfield>
    <subfield code="x">Gram&#xE1;tica </subfield>
    <subfield code="x">Dicion&#xE1;rios</subfield>
  </datafield>
  <datafield tag="942" ind1=" " ind2=" ">
    <subfield code="2">udc</subfield>
    <subfield code="c">REF</subfield>
  </datafield>
  <datafield tag="952" ind1=" " ind2=" ">
    <subfield code="0">0</subfield>
    <subfield code="1">0</subfield>
    <subfield code="2">udc</subfield>
    <subfield code="4">0</subfield>
    <subfield code="7">0</subfield>
    <subfield code="a">BIBTCEMT</subfield>
    <subfield code="b">BIBTCEMT</subfield>
    <subfield code="d">2023-11-12</subfield>
    <subfield code="l">0</subfield>
    <subfield code="o">R 81'36(038) L949d 4. ed.</subfield>
    <subfield code="p">BIBTCEMT23110472</subfield>
    <subfield code="r">2023-11-12</subfield>
    <subfield code="t">Ex. 1</subfield>
    <subfield code="w">2023-11-12</subfield>
    <subfield code="y">REF</subfield>
    <subfield code="z">2. reimpr. 2002</subfield>
  </datafield>
  <datafield tag="952" ind1=" " ind2=" ">
    <subfield code="0">0</subfield>
    <subfield code="1">0</subfield>
    <subfield code="2">udc</subfield>
    <subfield code="4">0</subfield>
    <subfield code="7">0</subfield>
    <subfield code="a">BIBTCEMT</subfield>
    <subfield code="b">BIBTCEMT</subfield>
    <subfield code="d">2023-11-12</subfield>
    <subfield code="l">0</subfield>
    <subfield code="o">R 81'36(038) L949d 4. ed.</subfield>
    <subfield code="p">BIBTCEMT23120693</subfield>
    <subfield code="r">2023-12-16</subfield>
    <subfield code="t">Ex. 2</subfield>
    <subfield code="w">2023-11-12</subfield>
    <subfield code="y">REF</subfield>
    <subfield code="z">2. reimpr. 2002</subfield>
  </datafield>
  <datafield tag="999" ind1=" " ind2=" ">
    <subfield code="c">650</subfield>
    <subfield code="d">650</subfield>
  </datafield>
</record>
